[Event "Vilnius"]
[Site "Vilnius"]
[Date "1988.??.??"]
[Round "?"]
[White "Dokhoian, Yury"]
[Black "Rozentalis, Eduardas"]
[Result "1-0"]
[WhiteElo "2515"]
[BlackElo "2520"]
[PlyCount "51"]
[EventDate "1988.01.??"]
[EventType "tourn"]
[EventRounds "15"]
[EventCountry "URS"]
[EventCategory "9"]
[SourceTitle "CBM 007"]
[Source "ChessBase"]
[SourceDate "1988.12.01"]
[SourceVersion "1"]
[SourceVersionDate "1988.12.01"]
[SourceQuality "1"]

1. d4 Nf6 2. c4 e6 3. Nf3 b6 4. a3 Bb7 5. Nc3 d5 6. cxd5 exd5 7. g3 Be7 8. Qa4+
c6 9. Bg2 O-O 10. O-O Nbd7 11. Bf4 Nh5 12. Rac1 Re8 13. Rfd1 Nxf4 14. gxf4 Nf8
15. Ne5 Qd6 16. e4 dxe4 17. Nxe4 Qh6 18. f5 Bg5 19. Rc3 Bh4 20. Rh3 Qf4 21. Qb3
Re7 22. Nd6 Qxf2+ 23. Kh1 Rd8 24. Ndxf7 Rd5 25. Nd6 Ba8 26. Ne4 1-0

[Event "Budapest Spring op 04th"]
[Site "Budapest"]
[Date "1988.??.??"]
[Round "?"]
[White "Karsa, Laszlo"]
[Black "Dokhoian, Yury"]
[Result "0-1"]
[WhiteElo "2400"]
[BlackElo "2515"]
[PlyCount "56"]
[EventDate "1988.03.19"]
[EventType "swiss"]
[EventRounds "9"]
[EventCountry "HUN"]
[SourceTitle "EXT 2003"]
[Source "ChessBase"]
[SourceDate "2002.11.25"]
[SourceVersion "1"]
[SourceVersionDate "2002.11.25"]
[SourceQuality "1"]

1. d4 Nf6 2. c4 e6 3. Nc3 d5 4. Bg5 Be7 5. e3 Nbd7 6. Nf3 O-O 7. Rc1 dxc4 8.
Bxc4 a6 9. a4 c5 10. O-O cxd4 11. exd4 Nb6 12. Bb3 Bd7 13. Ne5 Bc6 14. Re1 Nbd5
15. Qd2 Qd6 16. Bc2 Rac8 17. Nxc6 Rxc6 18. Ne4 Qd7 19. Nc5 Qc8 20. Nd3 Qc7 21.
Bb3 Rd8 22. Rxc6 Qxc6 23. Qa5 Qd6 24. Ne5 Qb8 25. Bd2 Bd6 26. Rc1 Qa8 27. Be1
Bb4 28. Bxb4 b6 0-1

[Event "Budapest Spring op 04th"]
[Site "Budapest"]
[Date "1988.??.??"]
[Round "?"]
[White "Marin, Mihail"]
[Black "Dokhoian, Yury"]
[Result "0-1"]
[WhiteElo "2490"]
[BlackElo "2515"]
[PlyCount "130"]
[EventDate "1988.03.19"]
[EventType "swiss"]
[EventRounds "9"]
[EventCountry "HUN"]
[SourceTitle "EXT 2003"]
[Source "ChessBase"]
[SourceDate "2002.11.25"]
[SourceVersion "1"]
[SourceVersionDate "2002.11.25"]
[SourceQuality "1"]

1. d4 Nf6 2. c4 e6 3. Nc3 Bb4 4. e3 O-O 5. Bd3 d5 6. a3 dxc4 7. Bxc4 Bxc3+ 8.
bxc3 c5 9. Ne2 Qc7 10. Ba2 b6 11. O-O Ba6 12. Re1 Nc6 13. Ng3 Rfd8 14. Bb2 Na5
15. Bb1 Rac8 16. e4 Nc4 17. Bc1 cxd4 18. cxd4 e5 19. d5 Ne8 20. Bd3 Ned6 21.
Qe2 b5 22. Be3 Qd7 23. Rec1 Rc7 24. Nh5 f6 25. h3 Kh8 26. Rc3 Rdc8 27. Rac1 Bb7
28. Qf3 Qe7 29. Qe2 a6 30. Bxc4 Rxc4 31. Bd2 Qd7 32. Ng3 a5 33. f3 Ba6 34. Qe1
Qd8 35. Nf1 Qb6+ 36. Qe3 Qd4 37. Rxc4 Nxc4 38. Qxd4 exd4 39. Kf2 Rb8 40. Rc2 b4
41. axb4 axb4 42. Rc1 b3 43. Rb1 Nxd2 44. Nxd2 b2 45. Rd1 Bd3 46. Nb1 Bc2 47.
Re1 Kg8 48. Ke2 Kf7 49. Rf1 Ke7 50. Kd2 d3 51. Re1 Kd6 52. f4 Kc5 53. Kc3 Rb3+
54. Kd2 Rb6 55. Kc3 Rb7 56. Rf1 f5 57. e5 Kxd5 58. Re1 Rb3+ 59. Kd2 Ke6 60. g3
h6 61. h4 g6 62. Rh1 Kd5 63. Re1 Bxb1 64. Rxb1 Kd4 65. e6 Rb7 0-1

[Event "Yerevan Petrosian Memorial"]
[Site "Yerevan"]
[Date "1988.05.11"]
[Round "4"]
[White "Dokhoian, Yury"]
[Black "Anastasian, Ashot"]
[Result "1-0"]
[WhiteElo "2515"]
[BlackElo "2445"]
[PlyCount "81"]
[EventDate "1988.05.??"]
[EventType "tourn"]
[EventRounds "13"]
[EventCountry "URS"]
[EventCategory "11"]
[SourceTitle "EXT 2000"]
[Source "ChessBase"]
[SourceDate "1999.11.16"]
[SourceVersion "1"]
[SourceVersionDate "1999.11.16"]
[SourceQuality "1"]

1. d4 Nf6 2. c4 e6 3. Nf3 b6 4. Nc3 Bb7 5. a3 d5 6. cxd5 Nxd5 7. Qc2 Be7 8. e4
Nxc3 9. bxc3 O-O 10. Bd3 c5 11. O-O Nd7 12. Qe2 Rc8 13. Bd2 Qc7 14. h4 e5 15.
Rfc1 c4 16. Bc2 Rfe8 17. Ba4 exd4 18. cxd4 a6 19. Bf4 Qd8 20. h5 b5 21. Bc2 h6
22. Rd1 Qb6 23. d5 Qf6 24. e5 Qxf4 25. Rd4 Qxd4 26. Nxd4 Bxd5 27. Nf5 Bg5 28.
Qf1 Bf4 29. Nd6 Bxe5 30. Rd1 Nf6 31. Nxc8 Rxc8 32. Qe1 Bc7 33. Qe3 a5 34. Qa7
Bd6 35. Rxd5 Nxd5 36. Qd7 Rf8 37. Qxd6 Nf6 38. Qb6 b4 39. axb4 axb4 40. Qxb4 c3
41. Qxc3 1-0

[Event "Yerevan Petrosian Memorial"]
[Site "Yerevan"]
[Date "1988.05.12"]
[Round "5"]
[White "Semkov, Semko"]
[Black "Dokhoian, Yury"]
[Result "0-1"]
[WhiteElo "2470"]
[BlackElo "2515"]
[PlyCount "164"]
[EventDate "1988.05.??"]
[EventType "tourn"]
[EventRounds "13"]
[EventCountry "URS"]
[EventCategory "11"]
[SourceTitle "EXT 2000"]
[Source "ChessBase"]
[SourceDate "1999.11.16"]
[SourceVersion "1"]
[SourceVersionDate "1999.11.16"]
[SourceQuality "1"]

1. d4 Nf6 2. c4 e6 3. Nc3 d5 4. cxd5 exd5 5. Bg5 Be7 6. e3 Nbd7 7. Bd3 O-O 8.
Nf3 Re8 9. O-O c6 10. Qc2 Nf8 11. Rae1 Ne4 12. Bxe7 Qxe7 13. Bxe4 dxe4 14. Nd2
f5 15. f3 exf3 16. Nxf3 Be6 17. e4 fxe4 18. Rxe4 h6 19. Rfe1 Rad8 20. R1e3 Qf7
21. Qe2 Bc4 22. Qe1 Rxe4 23. Rxe4 Be6 24. h4 Re8 25. Ne5 Qf6 26. Qg3 Qd8 27.
Kh2 Nd7 28. Rf4 Rf8 29. Nxd7 Rxf4 30. Qxf4 Qxd7 31. a3 Bf7 32. Kg3 Qe6 33. Kf2
Qb3 34. Qd2 Kh7 35. Ne4 Bg6 36. Ng3 b6 37. Qc3 Qd1 38. Ne2 Bd3 39. Ng3 a5 40.
b4 axb4 41. Qxb4 Qc2+ 42. Kf3 c5 43. dxc5 bxc5 44. Qe1 c4 45. Ne4 Qb2 46. a4
Qb7 47. Kf4 Qc7+ 48. Kg4 Qd7+ 49. Kg3 Qxa4 50. Nc3 Qa5 51. Kh2 Qc5 52. Kg3 Qd6+
53. Kf3 Bg6 54. g4 Qh2 55. Nd5 Qh3+ 56. Kf4 h5 57. Qg3 hxg4 58. Qxg4 Qh1 59.
Ke5 Qe1+ 60. Kd4 c3 61. h5 Qd2+ 62. Kc5 Qf2+ 63. Kd6 Qh2+ 64. Nf4 Bxh5 65. Qf5+
g6 66. Qf7+ Kh6 67. Ke7 c2 68. Qg8 Kg5 69. Ne6+ Kg4 70. Qc8 Qe2 71. Kf6 Qf1+
72. Nf4+ Kxf4 73. Qxc2 Qa6+ 74. Kg7 Qa7+ 75. Kh6 Qe3 76. Kg7 g5 77. Qh2+ Kg4
78. Qg2+ Kf5 79. Qc2+ Qe4 80. Qc8+ Kf4 81. Qc1+ Qe3 82. Qc4+ Kg3 0-1

[Event "Yerevan Petrosian Memorial"]
[Site "Yerevan"]
[Date "1988.05.21"]
[Round "13"]
[White "Dokhoian, Yury"]
[Black "Pavlovic, Milos"]
[Result "1-0"]
[WhiteElo "2515"]
[BlackElo "2460"]
[PlyCount "41"]
[EventDate "1988.05.??"]
[EventType "tourn"]
[EventRounds "13"]
[EventCountry "URS"]
[EventCategory "11"]
[SourceTitle "EXT 2000"]
[Source "ChessBase"]
[SourceDate "1999.11.16"]
[SourceVersion "1"]
[SourceVersionDate "1999.11.16"]
[SourceQuality "1"]

1. d4 Nf6 2. c4 c5 3. d5 b5 4. cxb5 a6 5. f3 g6 6. e4 d6 7. Na3 Bg7 8. Ne2 O-O
9. Nc3 Nbd7 10. Be2 Ne8 11. O-O Nc7 12. Bg5 axb5 13. Naxb5 Nxb5 14. Bxb5 h6 15.
Bd2 Qb6 16. a4 Ne5 17. Qe2 Ba6 18. f4 Nd3 19. Qxd3 c4+ 20. Be3 Qxb5 21. axb5
1-0

[Event "URS-ch otbor56"]
[Site "Blagoveshchensk"]
[Date "1988.??.??"]
[Round "?"]
[White "Dokhoian, Yury"]
[Black "Moskalenko, Viktor"]
[Result "1-0"]
[WhiteElo "2520"]
[BlackElo "2475"]
[PlyCount "199"]
[EventDate "1988.08.??"]
[EventType "swiss"]
[EventRounds "9"]
[EventCountry "URS"]
[SourceTitle "TD"]
[Source "ChessBase"]
[SourceDate "1994.03.01"]
[SourceVersion "1"]
[SourceVersionDate "1994.03.01"]
[SourceQuality "1"]

1. d4 e6 2. c4 Bb4+ 3. Bd2 a5 4. g3 d6 5. Nf3 Nc6 6. Bg2 e5 7. d5 Nb8 8. O-O
Bxd2 9. Qxd2 Nh6 10. Nc3 O-O 11. Ne1 f5 12. f4 Nd7 13. Nd3 e4 14. Nf2 Nf6 15.
h3 c6 16. Rad1 Qb6 17. e3 cxd5 18. Nxd5 Nxd5 19. Qxd5+ Nf7 20. Qd4 Qxd4 21.
Rxd4 Be6 22. g4 g6 23. gxf5 gxf5 24. Ra1 Rfc8 25. Bf1 Rc5 26. Nd1 Rac8 27. b3
d5 28. Nb2 dxc4 29. Nxc4 Kf8 30. a4 Ke7 31. Kf2 Bxc4 32. Bxc4 Nd6 33. Be2 Rg8
34. Rad1 Rg6 35. Rd5 Rxd5 36. Rxd5 b6 37. Rd1 Rg8 38. Rc1 Rc8 39. Rxc8 Nxc8 40.
Bc4 Nd6 41. Bg8 h6 42. Bd5 b5 43. axb5 Nxb5 44. Bb7 Kd7 45. Ke1 Kc7 46. Bd5 Kd6
47. Bf7 Kc5 48. Be6 Nd6 49. Kd2 Kb4 50. Kc2 Kc5 51. Kc3 Nb5+ 52. Kb2 Nd6 53.
Ka3 Kb5 54. Bd7+ Kb6 55. Ka4 Kc7 56. Be6 Kb6 57. h4 Ka6 58. b4 axb4 59. Kxb4
Kb6 60. Bd5 Ne8 61. Kc4 Nc7 62. Kd4 Nxd5 63. Kxd5 Kb5 64. h5 Kb4 65. Ke5 Kc3
66. Kxf5 Kd3 67. Kg6 Kxe3 68. f5 Kd4 69. f6 e3 70. f7 e2 71. f8=Q e1=Q 72. Qxh6
Kc3 73. Qg7+ Kb3 74. Qf7+ Ka3 75. Qf3+ Ka4 76. h6 Qe6+ 77. Kg5 Qe5+ 78. Qf5
Qe7+ 79. Qf6 Qc5+ 80. Kh4 Qc4+ 81. Kg3 Qd3+ 82. Qf3 Qh7 83. Qc6+ Ka3 84. Qa6+
Kb2 85. Qf6+ Ka3 86. Qd6+ Kb2 87. Kf4 Qf7+ 88. Kg5 Qg8+ 89. Kf5 Qh7+ 90. Ke5
Kb3 91. Qe6+ Ka3 92. Qf6 Ka2 93. Qg7 Qd3 94. Qg2+ Ka1 95. Qg1+ Ka2 96. Qf2+ Kb3
97. Qb6+ Ka2 98. Qa5+ Kb2 99. Qb4+ Kc1 100. Qf4+ 1-0

[Event "URS-ch otbor56"]
[Site "Blagoveshchensk"]
[Date "1988.??.??"]
[Round "?"]
[White "Dokhoian, Yury"]
[Black "Piesina, Gintautas"]
[Result "1-0"]
[WhiteElo "2520"]
[BlackElo "2390"]
[PlyCount "85"]
[EventDate "1988.08.??"]
[EventType "swiss"]
[EventRounds "9"]
[EventCountry "URS"]
[SourceTitle "TD"]
[Source "ChessBase"]
[SourceDate "1994.03.01"]
[SourceVersion "1"]
[SourceVersionDate "1994.03.01"]
[SourceQuality "1"]

1. d4 Nf6 2. Nf3 d5 3. c4 dxc4 4. Nc3 c5 5. d5 e6 6. e4 exd5 7. e5 Be6 8. exf6
Nc6 9. fxg7 Bxg7 10. Ng5 Qf6 11. Be2 O-O-O 12. O-O Rhe8 13. Bh5 Re7 14. Nxh7
Qf5 15. Ng5 Nb4 16. Nxe6 fxe6 17. Bg4 Qf6 18. Bd2 Nd3 19. Rb1 Qe5 20. h3 Rf8
21. f4 Qd4+ 22. Kh1 Kb8 23. Qe2 Bh6 24. g3 a6 25. Nd1 b5 26. Nf2 Nxf2+ 27. Rxf2
Qd3 28. Qxd3 cxd3 29. Rf3 c4 30. Bb4 Rff7 31. Bxe7 Rxe7 32. Re3 Bg7 33. Rxe6
Rxe6 34. Bxe6 Bxb2 35. Rxb2 c3 36. Bf5 cxb2 37. Bxd3 Kc7 38. Kg2 Kd6 39. Kf3
Kc5 40. Ke3 Kb4 41. Kd4 Ka3 42. Bb1 b4 43. f5 1-0

[Event "Sochi Chigorin Memorial"]
[Site "Sochi"]
[Date "1988.??.??"]
[Round "?"]
[White "Dokhoian, Yury"]
[Black "Vaisser, Anatoli"]
[Result "1-0"]
[WhiteElo "2520"]
[BlackElo "2530"]
[PlyCount "109"]
[EventDate "1988.09.??"]
[EventType "tourn"]
[EventRounds "13"]
[EventCountry "URS"]
[EventCategory "12"]
[SourceTitle "TD"]
[Source "ChessBase"]
[SourceDate "1994.03.01"]
[SourceVersion "1"]
[SourceVersionDate "1994.03.01"]
[SourceQuality "1"]

1. d4 e6 2. c4 f5 3. g3 Nf6 4. Nh3 c6 5. Bg2 d5 6. O-O Be7 7. b3 b5 8. Ba3 O-O
9. Nf4 b4 10. Bb2 a5 11. a3 Na6 12. axb4 Nxb4 13. Nc3 Bd6 14. Na4 g5 15. Nd3
Nxd3 16. exd3 f4 17. Re1 Ra7 18. Re5 Bxe5 19. dxe5 Ne8 20. Bd4 Rb7 21. Nc5 Rb8
22. Bc3 fxg3 23. hxg3 Ra8 24. Qd2 Qe7 25. d4 Ng7 26. b4 Bd7 27. bxa5 Rfb8 28.
Nxd7 Qxd7 29. cxd5 cxd5 30. Qxg5 Rb3 31. Bd2 Rd3 32. Be3 Qd8 33. Qg4 Rxe3 34.
fxe3 Rxa5 35. Rf1 Ra7 36. Rf6 Qe8 37. e4 dxe4 38. Bxe4 Ra1+ 39. Kg2 Qb5 40. Qf3
Qb4 41. Rf8+ Qxf8 42. Bxh7+ Kxh7 43. Qxf8 Rd1 44. Qd8 Nf5 45. Qd7+ Ng7 46. g4
Rd2+ 47. Kg3 Rd1 48. Qd8 Rf1 49. Qf6 Rd1 50. Qf2 Rc1 51. Kh4 Rc7 52. Qf3 Kg8
53. Qa8+ Kf7 54. Qd8 Re7 55. Kg5 1-0

[Event "URS Club Cup 1st"]
[Site "Nabereznye Chelny"]
[Date "1988.09.??"]
[Round "1"]
[White "Dokhoian, Yury"]
[Black "Amirkhanov, Rinat"]
[Result "1-0"]
[WhiteElo "2515"]
[BlackElo "2560"]
[PlyCount "59"]
[EventDate "1988.09.30"]
[EventType "team-swiss"]
[EventRounds "11"]
[EventCountry "URS"]
[SourceTitle "EXT 2020"]
[Source "ChessBase"]
[SourceDate "2019.10.17"]
[SourceVersion "1"]
[SourceVersionDate "2019.10.17"]
[SourceQuality "1"]
[WhiteTeam "Moscow Tigran Petrosian"]
[WhiteTeamCountry "URS"]

1. d4 Nf6 2. Nf3 g6 3. c4 Bg7 4. Nc3 d5 5. cxd5 Nxd5 6. e4 Nxc3 7. bxc3 O-O 8.
Be2 c5 9. Rb1 Qa5 10. O-O Qxa2 11. Bg5 Qe6 12. e5 Rd8 13. Qa4 Bd7 14. Qa3 h6
15. Bh4 cxd4 16. Nxd4 Qxe5 17. Bxe7 Re8 18. Bd6 Qg5 19. Bf3 Nc6 20. Rxb7 Nxd4
21. cxd4 Be6 22. d5 Bg4 23. Be7 Qf5 24. Bxg4 Qxg4 25. d6 Bf8 26. Bxf8 Rxf8 27.
Rxa7 Rad8 28. Qd3 Rfe8 29. d7 Re7 30. Ra8 1-0

[Event "URS Club Cup 1st"]
[Site "Nabereznye Chelny"]
[Date "1988.09.??"]
[Round "2"]
[White "Skudnov, Sergej"]
[Black "Dokhoian, Yury"]
[Result "0-1"]
[WhiteElo "2560"]
[BlackElo "2515"]
[PlyCount "76"]
[EventDate "1988.09.30"]
[EventType "team-swiss"]
[EventRounds "11"]
[EventCountry "URS"]
[SourceTitle "EXT 2020"]
[Source "ChessBase"]
[SourceDate "2019.10.17"]
[SourceVersion "1"]
[SourceVersionDate "2019.10.17"]
[SourceQuality "1"]
[WhiteTeam "Chelyabinsk Poliot"]
[BlackTeam "Moscow Tigran Petrosian"]
[WhiteTeamCountry "URS"]
[BlackTeamCountry "URS"]

1. d4 Nf6 2. c4 e6 3. Nc3 Bb4 4. e3 O-O 5. Nge2 d5 6. a3 Be7 7. cxd5 exd5 8. g3
a5 9. Bg2 Na6 10. O-O Re8 11. Bd2 c6 12. Rc1 Bf5 13. f3 c5 14. Be1 Bd7 15. Bf2
Bc6 16. dxc5 Nxc5 17. Nd4 a4 18. Qc2 Qa5 19. Nce2 Nfd7 20. Nf4 Bf8 21. Rcd1 Ne5
22. Rfe1 Rac8 23. Nfe2 g6 24. h3 Qa6 25. Nc3 Ncd3 26. Re2 Nxf2 27. Kxf2 Nc4 28.
Qd3 Bc5 29. f4 Qb6 30. Nxd5 Bxd5 31. Bxd5 Nxb2 32. Rxb2 Qxb2+ 33. Rd2 Qb6 34.
Kf3 Bxd4 35. Qxd4 Qxd4 36. exd4 Rc3+ 37. Kf2 b5 38. Rb2 Rb8 0-1

[Event "URS Club Cup 1st"]
[Site "Nabereznye Chelny"]
[Date "1988.09.??"]
[Round "5"]
[White "Klovans, Janis"]
[Black "Dokhoian, Yury"]
[Result "0-1"]
[WhiteElo "2400"]
[BlackElo "2515"]
[PlyCount "72"]
[EventDate "1988.09.30"]
[EventType "team-swiss"]
[EventRounds "11"]
[EventCountry "URS"]
[SourceTitle "EXT 2020"]
[Source "ChessBase"]
[SourceDate "2019.10.17"]
[SourceVersion "1"]
[SourceVersionDate "2019.10.17"]
[SourceQuality "1"]
[WhiteTeam "Riga Chess & Draughts Club"]
[BlackTeam "Moscow Tigran Petrosian"]
[WhiteTeamCountry "URS"]
[BlackTeamCountry "URS"]

1. e4 e6 2. d4 d5 3. Nc3 Bb4 4. e5 c5 5. a3 Bxc3+ 6. bxc3 Ne7 7. Nf3 Qa5 8. Bd2
Nbc6 9. h4 Bd7 10. h5 h6 11. Rb1 Qc7 12. Bd3 O-O-O 13. Qc1 Kb8 14. Bf4 Na5 15.
O-O Nc8 16. dxc5 Qxc5 17. Qb2 Qc7 18. Be3 Ne7 19. Qb4 Nec6 20. Qf4 f6 21. Qg3
Nxe5 22. Nxe5 fxe5 23. Qxg7 Rdg8 24. Qf7 d4 25. cxd4 Rxg2+ 26. Kh1 Rg4 27. Qf6
Rhg8 28. Rg1 Qc6+ 29. Kh2 Rg2+ 30. Kh3 exd4 31. Qe5+ Ka8 32. Be4 Qxe4 33. Qxe4
e5+ 34. Qg4 R2xg4 35. Rxg4 Bxg4+ 36. Kh4 dxe3 0-1

[Event "Belgrade GMA op"]
[Site "Belgrade"]
[Date "1988.??.??"]
[Round "?"]
[White "Abramovic, Bosko"]
[Black "Dokhoian, Yury"]
[Result "0-1"]
[WhiteElo "2445"]
[BlackElo "2520"]
[Annotator "Myers,D"]
[PlyCount "52"]
[EventDate "1988.12.??"]
[EventType "swiss"]
[EventRounds "9"]
[EventCountry "YUG"]
[SourceTitle "TD"]
[Source "ChessBase"]
[SourceDate "1994.03.01"]
[SourceVersion "1"]
[SourceVersionDate "1994.03.01"]
[SourceQuality "1"]

1. e4 e6 2. d4 d5 3. Nc3 Bb4 4. e5 c5 5. a3 Bxc3+ 6. bxc3 Ne7 7. Qg4 O-O 8. Nf3
Nbc6 9. Bd3 f5 10. exf6 Rxf6 11. Bg5 e5 $5 12. Qg3 (12. Bxh7+ $5 Kxh7 13. Qh5+
Kg8 14. Bxf6 gxf6 15. dxe5 Qf8 $146 {(Psakhis)}) 12... Rxf3 $1 $8 13. gxf3 c4
14. Bxe7 $6 (14. Be2 exd4 15. cxd4 Nxd4 16. Qe5 Nec6 $1 $44 {(Dokhoian)}) 14...
Qxe7 15. Be2 exd4 16. Kf1 Bf5 $17 {(Short)} 17. Re1 Qf7 18. f4 Bxc2 19. Bf3
dxc3 20. Rg1 Bd3+ 21. Kg2 Nd4 22. Bg4 Rf8 23. Re5 c2 24. Kh3 Qxf4 25. Rxd5 c1=Q
26. Rxc1 Qxc1 0-1

[Event "Belgrade GMA op"]
[Site "Belgrade"]
[Date "1988.??.??"]
[Round "?"]
[White "Dokhoian, Yury"]
[Black "Ciric, Dragoljub M"]
[Result "1-0"]
[WhiteElo "2520"]
[BlackElo "2395"]
[PlyCount "133"]
[EventDate "1988.12.??"]
[EventType "swiss"]
[EventRounds "9"]
[EventCountry "YUG"]
[SourceTitle "TD"]
[Source "ChessBase"]
[SourceDate "1994.03.01"]
[SourceVersion "1"]
[SourceVersionDate "1994.03.01"]
[SourceQuality "1"]

1. d4 d5 2. c4 e6 3. Nf3 Nf6 4. Nc3 Be7 5. Bg5 h6 6. Bh4 O-O 7. e3 Ne4 8. Bxe7
Qxe7 9. Rc1 c6 10. Bd3 Nxc3 11. Rxc3 dxc4 12. Bxc4 Nd7 13. O-O b6 14. e4 Bb7
15. Re1 c5 16. d5 exd5 17. Bxd5 Bxd5 18. Qxd5 Nf6 19. Qf5 Qe6 20. Qxe6 fxe6 21.
Kf1 Rfd8 22. Rc4 Rd7 23. Ke2 Rad8 24. Rec1 Ne8 25. R4c2 Nc7 26. Rd2 Rxd2+ 27.
Nxd2 Nb5 28. Ke3 e5 29. Nc4 Re8 30. h4 Re6 31. g3 Nd6 32. Nd2 Kf7 33. a3 a5 34.
a4 Re7 35. b3 g6 36. Rc3 Ke6 37. Rd3 Rd7 38. f4 exf4+ 39. gxf4 Rc7 40. Nc4
Nxc4+ 41. bxc4 Rc8 42. Rd5 Rg8 43. Kf3 Rf8 44. Kg3 Rg8 45. Kg4 Rf8 46. f5+
gxf5+ 47. exf5+ Ke7 48. Kf4 Rg8 49. Re5+ Kf7 50. Re6 Rd8 51. Rxh6 Rd4+ 52. Kg5
Rxc4 53. h5 Rxa4 54. Rf6+ Ke7 55. Rxb6 Ra1 56. f6+ Kf8 57. Rb8+ Kf7 58. Rb7+
Ke6 59. Re7+ Kd6 60. h6 Rg1+ 61. Kf5 Rf1+ 62. Kg6 Rg1+ 63. Kf7 Rh1 64. Kg7 Rg1+
65. Kf8 c4 66. h7 Rh1 67. Kg8 1-0

[Event "EU-Cup 07th quarterfinal"]
[Site "Stockholm"]
[Date "1989.??.??"]
[Round "3.2"]
[White "Dokhoian, Yury"]
[Black "Webb, Simon"]
[Result "1-0"]
[WhiteElo "2570"]
[BlackElo "2410"]
[PlyCount "55"]
[EventDate "1989.??.??"]
[EventType "team-match"]
[EventRounds "2"]
[EventCountry "SWE"]
[SourceTitle "EXT 2020"]
[Source "ChessBase"]
[SourceDate "2019.10.17"]
[SourceVersion "1"]
[SourceVersionDate "2019.10.17"]
[SourceQuality "1"]
[WhiteTeam "Moscow Tigran Petrosian"]
[BlackTeam "Stockholm Wasa"]
[WhiteTeamCountry "RUS"]
[BlackTeamCountry "SWE"]

1. d4 Nf6 2. Nf3 d5 3. c4 e6 4. Nc3 c5 5. cxd5 Nxd5 6. e4 Nxc3 7. bxc3 cxd4 8.
cxd4 Bb4+ 9. Bd2 Bxd2+ 10. Qxd2 O-O 11. Bc4 Nc6 12. O-O b6 13. Rad1 Bb7 14.
Rfe1 Rc8 15. d5 Na5 16. Bd3 Qd6 17. dxe6 Qxe6 18. Nd4 Qe5 19. Nf5 g6 20. Nh6+
Kh8 21. Ng4 Qe6 22. Qf4 f6 23. Bb5 g5 24. Qg3 Rcd8 25. Rxd8 Rxd8 26. e5 a6 27.
Bf1 Rd4 28. exf6 1-0

[Event "EU-Cup 07th round of 32"]
[Site "Las Palmas"]
[Date "1989.??.??"]
[Round "1.1"]
[White "Dokhoian, Yury"]
[Black "Garcia Padron, Jose"]
[Result "1-0"]
[WhiteElo "2575"]
[BlackElo "2420"]
[PlyCount "97"]
[EventDate "1989.??.??"]
[EventType "team-match"]
[EventRounds "2"]
[EventCountry "ESP"]
[SourceTitle "EXT 2020"]
[Source "ChessBase"]
[SourceDate "2019.10.17"]
[SourceVersion "1"]
[SourceVersionDate "2019.10.17"]
[SourceQuality "1"]
[WhiteTeam "Moscow Tigran Petrosian"]
[BlackTeam "La Caja de Canarias"]
[WhiteTeamCountry "RUS"]
[BlackTeamCountry "ESP"]

1. d4 Nf6 2. Nf3 e6 3. c4 Bb4+ 4. Bd2 Qe7 5. g3 O-O 6. Bg2 Bxd2+ 7. Qxd2 d6 8.
Nc3 e5 9. e4 Bg4 10. d5 a5 11. O-O Na6 12. Ne1 Nc5 13. Nc2 Bd7 14. b3 Ne8 15.
f4 f6 16. Rf2 g6 17. Ne3 Ng7 18. f5 Rfb8 19. Bf1 Rf8 20. Be2 b6 21. Raf1 Rae8
22. Ng4 gxf5 23. Nh6+ Kh8 24. exf5 Qd8 25. g4 e4 26. Qd4 Re5 27. Nd1 Qe7 28.
Rg2 Ne8 29. h4 Qg7 30. g5 fxg5 31. hxg5 Bxf5 32. Ne3 Bh3 33. Rxf8+ Qxf8 34. Rf2
Qg7 35. Nf7+ Kg8 36. Kh2 Be6 37. Nxe5 dxe5 38. Qd2 Bd7 39. Ng4 Bxg4 40. Bxg4
Nd6 41. Be6+ Kh8 42. Rf6 Nd3 43. Qe3 Nf4 44. Qf2 Qe7 45. Qh4 h5 46. g6 Nxe6 47.
Qxh5+ Kg8 48. Rxe6 Qg7 49. Kg2 1-0

[Event "Hoogovens-B"]
[Site "Wijk aan Zee"]
[Date "1989.01.17"]
[Round "2"]
[White "Dokhoian, Yury"]
[Black "Van der Sterren, Paul"]
[Result "1-0"]
[WhiteElo "2575"]
[BlackElo "2500"]
[PlyCount "109"]
[EventDate "1989.01.16"]
[EventType "tourn"]
[EventRounds "11"]
[EventCountry "NED"]
[EventCategory "10"]
[SourceTitle "CBM 012"]
[Source "ChessBase"]
[SourceDate "1989.10.01"]
[SourceVersion "1"]
[SourceVersionDate "1989.10.01"]
[SourceQuality "1"]

1. d4 Nf6 2. c4 e6 3. Nf3 d5 4. Nc3 Be7 5. Bg5 h6 6. Bh4 O-O 7. e3 b6 8. Qb3
Bb7 9. Bxf6 Bxf6 10. cxd5 exd5 11. Rd1 Re8 12. g3 c5 13. Bg2 c4 14. Qc2 Nc6 15.
O-O Rc8 16. Nd2 Ne7 17. b3 b5 18. Nxb5 Ba6 19. a4 c3 20. Nb1 Bxb5 21. axb5 Qa5
22. Bh3 Rc7 23. Rd3 Qxb5 24. Rxc3 Rb7 25. Nd2 Reb8 26. Ra1 g6 27. Nf3 Qb6 28.
Ne1 a5 29. Nd3 Ra7 30. Ra3 Bg7 31. Ra4 Bf8 32. Ne5 Rbb7 33. Bg2 Kg7 34. h4 h5
35. Nd3 Rb8 36. Nf4 Qb5 37. Bf3 Rd7 38. Bd1 Ng8 39. Nd3 Nf6 40. Ne5 Rdb7 41.
Be2 Qb6 42. Bd3 Kg8 43. Ra2 Ra8 44. Qe2 Rc7 45. Rxc7 Qxc7 46. Rc2 Qb7 47. Bb5
Rb8 48. Qf3 Bg7 49. Rc5 Rf8 50. Bc6 Qxb3 51. Rxa5 Qb4 52. Rb5 Qe1+ 53. Kg2 Ne4
54. Bxd5 Nd2 55. Bxf7+ 1-0

[Event "Hoogovens-B"]
[Site "Wijk aan Zee"]
[Date "1989.01.22"]
[Round "6"]
[White "Dokhoian, Yury"]
[Black "Hodgson, Julian M"]
[Result "1-0"]
[WhiteElo "2575"]
[BlackElo "2545"]
[PlyCount "111"]
[EventDate "1989.01.16"]
[EventType "tourn"]
[EventRounds "11"]
[EventCountry "NED"]
[EventCategory "10"]
[SourceTitle "CBM 012"]
[Source "ChessBase"]
[SourceDate "1989.10.01"]
[SourceVersion "1"]
[SourceVersionDate "1989.10.01"]
[SourceQuality "1"]

1. d4 d6 2. Nf3 Bg4 3. c4 Nd7 4. Qb3 Rb8 5. g3 e5 6. Bg2 Bxf3 7. Qxf3 Ngf6 8.
e3 d5 9. cxd5 Bb4+ 10. Nc3 e4 11. Qe2 O-O 12. Qc2 Nb6 13. Bxe4 Nxe4 14. Qxe4
Re8 15. Qf5 g6 16. Qf3 Na4 17. Bd2 Nxb2 18. Rb1 Bxc3 19. Bxc3 Na4 20. Ba5 Nb6
21. Bxb6 axb6 22. O-O Ra8 23. Rb2 Ra5 24. Rc2 Re7 25. Rfc1 Kg7 26. e4 Ra4 27.
e5 Rd7 28. e6 Re7 29. Qe4 c6 30. dxc6 bxc6 31. Qe5+ f6 32. Qe2 Rxd4 33. Rxc6
Rd2 34. Qc4 b5 35. Qxb5 Rxa2 36. Qc5 Ra5 37. Qb4 Raa7 38. Rd6 Qf8 39. Qd4 Qe8
40. Rcc6 Rab7 41. h4 Rb1+ 42. Kh2 Qa8 43. Qd5 Qa7 44. Kg2 Rb2 45. Qf3 Rbb7 46.
h5 Qa1 47. Rc3 gxh5 48. Rcd3 Qa4 49. R3d4 Qe8 50. Rf4 Qg6 51. Qd5 Qe8 52. Qd4
Qg6 53. Rd7 Qg5 54. Qd6 f5 55. Rb4 Ra7 56. Rxa7 1-0

[Event "Hoogovens-B"]
[Site "Wijk aan Zee"]
[Date "1989.01.24"]
[Round "7"]
[White "Bosboom, Manuel"]
[Black "Dokhoian, Yury"]
[Result "0-1"]
[WhiteElo "2375"]
[BlackElo "2575"]
[PlyCount "64"]
[EventDate "1989.01.16"]
[EventType "tourn"]
[EventRounds "11"]
[EventCountry "NED"]
[EventCategory "10"]
[SourceTitle "CBM 012"]
[Source "ChessBase"]
[SourceDate "1989.10.01"]
[SourceVersion "1"]
[SourceVersionDate "1989.10.01"]
[SourceQuality "1"]

1. e4 e6 2. d4 d5 3. Nc3 Bb4 4. Nge2 dxe4 5. a3 Be7 6. Nxe4 Nf6 7. Qd3 Nbd7 8.
Bf4 O-O 9. N2c3 Nd5 10. Nxd5 exd5 11. Nc3 c6 12. Be2 Re8 13. O-O Nf8 14. Nd1
Ne6 15. Bg3 c5 16. dxc5 Nxc5 17. Qd4 Ne6 18. Qd3 d4 19. b4 a5 20. Nb2 axb4 21.
axb4 Rxa1 22. Rxa1 Bxb4 23. Qb5 Bc3 24. Bf1 Bd7 25. Qb3 Nc5 26. Qa3 Ne4 27. Rd1
b5 28. Nd3 Nxg3 29. hxg3 Qe7 30. Qa6 g5 31. Nc1 Bg4 32. f3 Qe3+ 0-1